000 00554nam a2200229 a 4500
001 nice12345678
003 IN_TiNIC
005 20260116013502.0
008 070413s1958 lona grp 000 0 eng
020 _a
_c100
082 0 0 _a227.4
_bNEI
100 _aNeil, Stephen
245 _aPaul to the Galatians
260 _aLondon
_bLutterworth Press
_c1958
300 _a74
500 _aincludes index and biblioraphy
650 _aBible N.T. Epistles of Paul
700 1 _aNeil, Stephen
902 _bSRS
942 _cBK
999 _c11165
_d11165